Peter coffee teaches PCs / (Record no. 61906)

MARC details
000 -LEADER
fixed length control field 00607nam a22001697a 4500
005 - DATE AND TIME OF LATEST TRANSACTION
control field 20120203130846.0
008 - FIXED-LENGTH DATA ELEMENTS--GENERAL INFORMATION
fixed length control field 120203t xxu||||| |||| 00| 0 eng d
020 ## - INTERNATIONAL STANDARD BOOK NUMBER
International Standard Book Number 8120315359
Terms of availability 225.00
035 ## - SYSTEM CONTROL NUMBER
System control number A-999266
040 ## - CATALOGING SOURCE
Original cataloging agency DPL
Language of cataloging ENG
100 ## - MAIN ENTRY--PERSONAL NAME
Personal name Coffee, Peter
9 (RLIN) 40707
245 ## - TITLE STATEMENT
Title Peter coffee teaches PCs /
Statement of responsibility, etc by Peter Coffee
260 ## - PUBLICATION, DISTRIBUTION, ETC. (IMPRINT)
Place of publication, distribution, etc New Delhi
Name of publisher, distributor, etc Prentice-Hall of India
Date of publication, distribution, etc 1998
300 ## - PHYSICAL DESCRIPTION
Extent xxi, 647p.
Dimensions 22 cms.
942 ## - ADDED ENTRY ELEMENTS (KOHA)
Source of classification or shelving scheme Dewey Decimal Classification
Item type English Books
Classification part 004.1
Call number suffix COF
Holdings
Withdrawn status Lost status Source of classification or shelving scheme Damaged status Not for loan Collection code Home library Current library Shelving location Date acquired Cost, normal purchase price Total Checkouts Full call number Barcode Date last seen Cost, replacement price Koha item type
    Dewey Decimal Classification     Non-fiction Sarojini Nagar Sarojini Nagar General Stacks 03/02/2012 225.00   004.1 COF A-999266 03/02/2012 225.00 English Books

© Delhi Public Library
Hit Counter
free hit counter